| 000 | 01798nam a2200409Ia 4500 | ||
|---|---|---|---|
| 001 | ebr10575948 | ||
| 003 | CaPaEBR | ||
| 006 | m u | ||
| 007 | cr cn||||||||| | ||
| 008 | 060628s2007 nyua sb s001 0 eng d | ||
| 010 | _z 2006021550 | ||
| 020 | _z0791470857 (hardcover : alk. paper) | ||
| 020 | _z9780791470855 (hardcover : alk. paper) | ||
| 020 | _z9780791480205 | ||
| 040 |
_aCaPaEBR _cCaPaEBR |
||
| 035 | _a(OCoLC)140277060 | ||
| 050 | 1 | 4 |
_aJK468.S4 _bP56 2007eb |
| 082 | 0 | 4 |
_a352.3/670973 _222 |
| 100 | 1 |
_aPiotrowski, Suzanne J., _d1973- |
|
| 245 | 1 | 0 |
_aGovernmental transparency in the path of administrative reform _h[electronic resource] / _cSuzanne J. Piotrowski. |
| 260 |
_aAlbany : _bState University of New York Press, _cc2007. |
||
| 300 |
_ax, 139 p. : _bill. |
||
| 504 | _aIncludes bibliographical references (p. 117-129) and index. | ||
| 533 |
_aElectronic reproduction. _bPalo Alto, Calif. : _cebrary, _d2011. _nAvailable via World Wide Web. _nAccess may be limited to ebrary affiliated libraries. |
||
| 610 | 1 | 0 |
_aUnited States. _tFreedom of Information Act. |
| 610 | 2 | 0 | _aNational Performance Review (U.S.) |
| 650 | 0 |
_aGovernment information _xAccess control _zUnited States. |
|
| 650 | 0 |
_aAdministrative agencies _zUnited States _xManagement. |
|
| 650 | 0 |
_aFreedom of information _zUnited States. |
|
| 650 | 0 |
_aPublic records _zUnited States _xManagement. |
|
| 650 | 0 |
_aTransparency in government _zUnited States. |
|
| 651 | 0 |
_aUnited States _xPolitics and government _y1993-2001. |
|
| 651 | 0 |
_aUnited States _xPolitics and government _y2001-2009. |
|
| 655 | 7 |
_aElectronic books. _2local |
|
| 710 | 2 | _aebrary, Inc. | |
| 856 | 4 | 0 |
_uhttp://site.ebrary.com/lib/rucke/Doc?id=10575948 _zAn electronic book accessible through the World Wide Web; click to view |
| 999 |
_c189533 _d189533 |
||